Detalles MARC
| 000 -LIDER |
| fixed length control field |
01543nam a22003497a 4500 |
| 003 - IDENTIFICACDOR DE NÚMERO DE CONTROL |
| control field |
OSt |
| 005 - DATE AND TIME OF LATEST TRANSACTION |
| control field |
20230125120655.0 |
| 008 - ELEMENTOS DE LONGITUD FIJA |
| fixed length control field |
210216b 2020 dr a c 00| 0 eng d |
| 020 ## - ISBN |
| International Standard Book Number |
9789945586978 (v. 1) |
| 020 ## - ISBN |
| International Standard Book Number |
9789945913132 (v. 2) |
| 040 ## - FUENTE DE CATALOGACIÓN |
| Agencia que crea de manera original el registro |
DO-SdBNP |
| Idioma de catalogación |
spa |
| Agencia que realiza la transcripción |
BPMSU |
| 082 #4 - NÚMERO DE CLASIFICACIÓN DECIMAL DE DEWEY |
| Classification number |
923.1097293 |
| Item number |
V335H 2020 |
| Edition number |
22 |
| 100 1# - ASIENTO PRINCIPAL -- NOMBRE PERSONAL |
| Nombre personal |
Vásquez, Horacio, |
| Fechas asociadas con el nombre |
1860-1936 |
| 245 10 - MENCIÓN DE TITULO |
| Título |
Horacio Vásquez : |
| Subtítulo |
mensajes y memorias 1924-1930 / |
| Mención de responsabilidad |
compilador Ricardo Hernández ; presentación: Roberto Cassá ; Introducción, Ricardo Hernández. |
| 260 ## - PUBLICACIÓN, DISTRIBUCIÓN, ETC. (PIE DE IMPRENTA) |
| Lugar de publicación, distribución, etc |
Santo Domingo : |
| Nombre del editor, distribuidor, etc. |
Archivo General de la Nación, |
| Fecha de publicación, distribución, etc |
2020. |
| 300 ## - DESCRIPCIÓN FÍSICA |
| Extensión |
2 v. : |
| Otros detalles físicos |
il., fots.; |
| Dimensiones |
27 cm. |
| 490 0# - MENCIÓN DE SERIES |
| Mención de serie |
Archivo General de Nación, |
| Volume/sequential designation |
338 |
| 500 ## - NOTA GENERAL |
| Nota general |
Incluye datos biográficos del compilador en las solapas. |
| 500 ## - NOTA GENERAL |
| Nota general |
Incluye referencias bibliográficas y notas al pie de las páginas. |
| 500 ## - NOTA GENERAL |
| Nota general |
Incluye índice onomástico |
| 505 0# - NOTA DE CONTENIDO |
| Información miscelánea |
v. 1. |
| Título |
Cronología política abierta de Horacio Vásquez -- |
| Información miscelánea |
v. 2. |
| Título |
El partido horacista |
| 590 ## - NOTA LOCAL |
| Texto de la nota local |
Inventariado, 2021 /LP<br/> |
| 600 14 - ENCABEZAMIENTO DE MATERIA--NOMBRE PERSONAL |
| Nombre personal |
Vásquez, Horacio, |
| Fechas asociadas con el nombre |
1860-1936 |
| Subdivisión de forma |
Ensayos, conferencias, etc. |
| 651 #4 - ENCABEZAMIENTO DE MATERIA--NOMBRE GEOGRÁFICO |
| Nombre geográfico |
República Dominicana |
| Subdivisión temática general |
Historia |
| Subdivisión cronológica |
1924-1930 |
| 651 #4 - ENCABEZAMIENTO DE MATERIA--NOMBRE GEOGRÁFICO |
| Nombre geográfico |
República Dominicana |
| Subdivisión temática general |
Política y gobierno |
| -- |
Historia |
| Subdivisión cronológica |
1924-1930 |
| 700 1# - ASIENTO SECUNDARIO -- NOMBRE PERSONAL |
| Nombre personal |
Hernández, Ricardo, |
| Fechas asociadas con el nombre |
1954- |
| Mención de responsabilidad |
compilador. |
| 700 1# - ASIENTO SECUNDARIO -- NOMBRE PERSONAL |
| Nombre personal |
Cassá, Roberto, |
| Fechas asociadas con el nombre |
1948- |
| Mención de responsabilidad |
presentación |
| 710 2# - ASIENTO SECUNDARIO -- NOMBRE CORPORATIVO |
| Nombre corporativo o de jurisdicción |
Archivo General de la Nación (República Dominicana) |
| 830 ## - ASIENTO SECUNDARIO DE SERIE--TÍTULO UNIFORME |
| Título uniforme |
Archivo General de Nación |
| Número de la parte o sección de una obra |
301 |
| 910 ## - VALIDACIÓN |
| Validación |
VMateo V./Validado |
| 942 ## - ADDED ENTRY ELEMENTS (KOHA) |
| Source of classification or shelving scheme |
Dewey Decimal Classification |
| Koha item type |
Libros |